000 00762nam a2200241Ia 4500
003 OSt
005 20220930070237.0
006 a|||||r|||| 00| 0
007 ta
008 220926b |||||||| |||| 00| 0 eng d
024 _a6733
037 _cTheses
040 _aCRL
_cCRL
_beng
041 _2eng
_aeng
100 _aSood Anil
_9418698
110 _aUniversity of Delhi. Faculty of Science. Department of Geology
245 0 _aSedimentology and palaeopedology of the lameta beds of jabalpur region
_b implications for late creataceous palaeogeography in central India
260 _c1995
650 _aGEOLOGY
700 _aUniversity of Delhi. Faculty of Science. Department of Geology
942 _cDIS
_2CC
999 _c860654
_d860654